000 00675nam a2200277Ia 4500
005 20260324125103.0
008 008 260324s9999 xx 000 0 eng d
020 _a9780080961279
037 _aEBOOK
040 _aCRL
040 _beng
040 _cCRL
041 _2eng
041 _aeng
084 _qCRL
100 _aFergus Nicol; David Crichton; Sue Roaf
_91176642
245 0 _aAdapting Buildings and Cities for Climate Change
260 _bTaylor and Francis
260 _c2009
365 _a
365 _b230
856 _uhttp://www.taylorfrancis.com/books/9780080961279
942 _cEBOOK
999 _c1771593
_d1771593